Представление документа в формате RUSMARC

ПолеНазваниеЗначение
  Тип записи a
  Библиографический уровень m
001 Контрольный номер RU/REG73/CBS_GRAD/1/712794510
005 Дата корректировки 20221122154841.3
010 Индекс ISBN __
a ISBN 978-5-00146-463-1
101 Язык документа __
a Язык текста rus
200 Заглавие и сведения об ответственности __
a Заглавие Про леттеринг. От карандашного наброска до векторной графики: процесс работы профессионального леттерера
f Первые сведения об ответственности Джессика Хиш; перевод с английского Натальи Довнар
b Общее обозначение материала Текст
203 Вид содержания и тип средства __
a Вид содержания Текст (визуальный) : непосредственный
210 Выходные данные __
a Место издания Москва
c Издательство Манн, Иванов и Фербер
d Дата издания 2020
215 Физическое описание __
a Объем 176 с., ил.
686 Индексы других классификаций __
a Классификационный индекс 85.15
700 Автор __
a Фамилия Хиш
g Полное личное имя Джессика
801 Источник записи _0
a Страна RU
b Организация RuCBSGrad
g Правила каталогизации PSBO
801 Источник записи _1
a Страна RU
b Организация RuCBSGrad
g Правила каталогизации PSBO
901 Тип документа __
t Тип документа m
981 __
b i
2 isbdcontent
g e
982 __
b n
2 isbdmedia
993 __
a 140687
b 37479
e 283601
f ЦГБ
h 836.00
i 283601
m 1
n 44775
o I
x 1
y 6